Theory and working of union finance in India (Record no. 338648)
[ view plain ]
| 000 -LEADER | |
|---|---|
| fixed length control field | 00414cam a2200169ua 4500 |
| 020 ## - INTERNATIONAL STANDARD BOOK NUMBER | |
| Terms of availability | Rs.10.50 |
| 041 ## - LANGUAGE CODE | |
| Language code of text/sound track or separate title | eng |
| Language code of original | |
| 082 ## - DEWEY DECIMAL CLASSIFICATION NUMBER | |
| Classification number | 330.954 |
| Item number | BHA/TH |
| 100 ## - MAIN ENTRY--PERSONAL NAME | |
| Personal name | R.N. Bhargava, Bhargava . |
| 245 ## - TITLE STATEMENT | |
| Title | Theory and working of union finance in India |
| 260 ## - PUBLICATION, DISTRIBUTION, ETC. (IMPRINT) | |
| Place of publication, distribution, etc. | : |
| Name of publisher, distributor, etc. | Chaitanya pub house , |
| Date of publication, distribution, etc. | 1965. |
| 300 ## - PHYSICAL DESCRIPTION | |
| Extent | 311 ; . |
| 365 ## - TRADE PRICE | |
| Price type code | Rs.10.50 |
| 504 ## - BIBLIOGRAPHY, ETC. NOTE | |
| Bibliography, etc | |
| 942 ## - ADDED ENTRY ELEMENTS (KOHA) | |
| Koha item type | Books (General) |
No items available.
